Statistics for Dutch quiz

Click here to take the quiz!

General Stats

  • This quiz has been taken 21 times
  • The average score is 4 of 5

Answer Stats

QuestionAnswer% Correct
What is our national anthem?wilhelmus
100%
Who is our kingWillem-Alexander
100%
What is typically dutch?drop
87%
What is the biggest city of North-BrabantEindhoven
53%
What is the biggest universityErasmus university
20%

Score Distribution

Percentile by Number Answered

Percent of People with Each Score

Your Score History

You have not taken this quiz